000 00489nam a2200193Ia 4500
005 20250423095512.0
008 250422s9999 xx 000 0 und d
020 _a9780131354258
050 _aTA 705 .C62/
100 _aCoduto, Donald P.
245 0 _aGeotechnical engineering : principles and practices
250 _a2nd ed.
260 _aUpper Sadddle River
260 _bPearson
260 _cc2011.
300 _a814 p
650 _aGeotechnical engineering.
942 _cBK
999 _c30468
_d30468